| 000 | 00375nam a22001457a 4500 | ||
|---|---|---|---|
| 999 |
_c3365 _d3365 |
||
| 008 | 200609b ||||| |||| 00| 0 eng d | ||
| 082 | 0 | 0 |
_a621.436 _bP8764 |
| 100 |
_9803 _aPounder, C. C. |
||
| 245 | 1 | 0 |
_aDiesel engines principles and practice _cby C. C. Pounder |
| 260 |
_aLondon _bNewnes _c1955 |
||
| 300 | _a28p. | ||
| 365 | _d55.13 | ||
| 650 | 0 | _aDiesel Motors | |
| 942 | _cBK | ||